Statistics for 2022 FIFA WORLD CUP PENALTY SCORERS

Click here to take the quiz!

General Stats

  • This quiz has been taken 27 times
  • The average score is 12 of 16

Answer Stats

HintAnswer% Correct
Saudi Arabia vs ArgentinaLionel Messi
100%
Argentina vs NetherlandsLionel Messi
100%
Argentina vs CroatiaLionel Messi
100%
France vs ArgentinaLionel Messi
100%
Portugal vs GhanaRonaldo
100%
France vs ArgentinaKylian Mbappe
96%
France vs EnglandHarry Kane
91%
France vs PolandRobert Lewandowski
87%
Brazil vs South KoreaNeymar
83%
Qatar vs EcuadorEnner Valencia
74%
USA vs WalesGareth Bale
65%
Uruguay vs PortugalBruno Fernandes
48%
Japan vs GermanyIlkay Gundogan
43%
Iran vs EnglandMehdi Taremi
39%
Ecuador vs SenegalIsmaila Sarr
22%
Spain vs CroatiaFerran Torres
13%

Score Distribution

Percentile by Number Answered

Percent of People with Each Score

Your Score History

You have not taken this quiz